Los 200 municipios españoles más poblados - Estadísticas

Estadísticas generales
  • Esta prueba ha sido intentada 238 veces
  • La puntuación promedio es 114 de 200
Estadísticas de respuestas
Población Municipio % Correcto
358.720 Alicante
99%
1.702.547 Barcelona
99%
3.416.771 Madrid
99%
687.488 Sevilla
99%
825.948 Valencia
99%
686.986 Zaragoza
99%
591.637 Málaga
97%
348.089 Bilbao
96%
107.032 Gerona
95%
474.617 Murcia
95%
322 811 Córdoba
94%
268 561 Gijón
94%
249.261 La Coruña
94%
202.675 Almería
93%
232.717 Granada
93%
122.243 León
93%
54.704 Huesca
92%
220.543 Oviedo
92%
189.093 San Sebastián
92%
141.151 Tarragona
92%
86.526 Toledo
92%
110.914 Cádiz
91%
75.909 Ciudad Real
91%
112.074 Jaén
91%
431.521 Palma de Mallorca
91%
300.618 Valladolid
91%
174.137 Albacete
90%
150.570 Badajoz
90%
180.379 Castellón de la Plana
90%
143.290 Huelva
90%
380.436 Las Palmas de Gran Canaria
90%
144.739 Lérida
90%
99.482 Lugo
90%
144.866 Salamanca
90%
174.101 Santander
90%
293.977 Vigo
90%
96.441 Cáceres
89%
219.777 Cartagena
89%
175.895 Burgos
88%
189.906 Getafe
88%
59.857 Mérida
88%
51.525 Segovia
88%
104.891 Orense
87%
207.777 Pamplona
87%
257.968 Vitoria
87%
58.111 Ávila
86%
90.909 Guadalajara
86%
194.084 Leganés
86%
99.536 Santiago de Compostela
85%
53.429 Cuenca
84%
243.128 Elche
84%
279.993 Hospitalet de Llobregat
84%
83.077 Pontevedra
84%
40.750 Soria
84%
59.506 Zamora
84%
76.738 Palencia
83%
211.359 Santa Cruz de Tenerife
83%
200.702 Alcalá de Henares
80%
213.668 Jerez de la Frontera
80%
151.164 Logroño
80%
173.625 Alcorcón
79%
74.663 Benidorm
78%
159.000 Marbella
78%
214.006 Móstoles
78%
222.177 Sabadell
77%
227.083 Badalona
76%
53.717 Ibiza
76%
109.930 Reus
76%
190.790 Fuenlabrada
75%
140.430 Dos Hermanas
73%
124.978 Algeciras
71%
75.351 Avilés
70%
92.994 Ponferrada
70%
101.984 Baracaldo
69%
64.218 Ferrol
69%
228.708 Tarrasa
69%
80.095 Gandía
67%
134.833 Parla
67%
84.738 Talavera de la Reina
67%
93.645 San Fernando
66%
83.052 Ceuta
65%
63.656 Irún
65%
98.334 Lorca
65%
140.626 Torrejón de Ardoz
65%
85.491 Melilla
64%
121.373 Alcobendas
63%
90.135 El Ejido
63%
70.933 Torremolinos
62%
131.798 Mataró
61%
56.003 Pinto
61%
94.803 Torrevieja
61%
85.859 Fuengirola
60%
80.201 Manresa
60%
75.981 Guecho
59%
83.507 Valdemoro
59%
94.969 San Sebastián de los Reyes
57%
89.401 Torrente
57%
101.949 Rivas-Vaciamadrid
56%
39.829 Plasencia
55%
109.204 Roquetas de Mar
55%
51.663 Torrelavega
55%
85.990 Vélez-Málaga
55%
55.261 Linares
54%
83.720 Orihuela
54%
102.867 Telde
54%
73.355 Majadahonda
53%
77.654 Benalmádena
52%
59.632 Motril
52%
44.766 Portugalete
52%
45.195 Puertollano
52%
80.760 Coslada
51%
89.378 Pozuelo de Alarcón
51%
64.177 La Línea de la Concepción
50%
62.292 Aranjuez
49%
160.258 San Cristóbal de La Laguna
49%
46.943 Denia
48%
78.413 Estepona
48%
49.530 Vich
48%
52.505 Villarreal
48%
60.372 Alcoy
47%
89.960 El Puerto de Santa María
47%
69.450 Castelldefels
46%
70.486 Sagunto
46%
69.876 Sanlúcar de Barrameda
46%
37.485 Don Benito
45%
121.203 Santa Coloma de Gramanet
45%
64.735 Arrecife
44%
53.818 Elda
44%
48.875 Figueras
44%
93.302 Mijas
44%
98.621 San Cugat del Vallés
44%
66.184 El Prat de Llobregat
43%
81.532 Rubí
43%
89.794 Chiclana de la Frontera
42%
39.500 Écija
42%
52.932 Tres Cantos
42%
91 589 Cornellá de Llobregat
41%
98.520 Las Rozas de Madrid
41%
47.777 Manacor
41%
74.822 Paterna
41%
76.922 Alcalá de Guadaíra
38%
82.982 Arona
38%
52.173 Utrera
38%
64.181 Granollers
37%
84.831 San Baudilio de Llobregat
37%
43.547 Alcantarilla
35%
41.619 Antequera
35%
59.514 Arganda del Rey
35%
65.839 Boadilla del Monte
35%
57.039 Colmenar Viejo
35%
38.833 Olot
35%
66.698 Collado Villalba
33%
41.466 Igualada
33%
48.007 Gavá
32%
38.556 Santa Pola
32%
67.348 Viladecans
32%
46.247 Santurce
31%
70.418 Villanueva y Geltrú
31%
42.600 Lloret de Mar
30%
50.549 Adeje
29%
53.491 Calviá
29%
52.936 San Bartolomé de Tirajana
29%
77.098 Santa Lucía de Tirajana
29%
40.388 Basauri
28%
38.980 San Fernando de Henares
28%
58.100 Sardañola del Vallés
27%
42.198 Blanes
25%
38.282 Langreo
25%
77.493 Molina de Segura
25%
47.335 Alcira
24%
39.352 Rentería
24%
40.074 Torre-Pacheco
24%
40.440 Vendrell
24%
43.086 Lucena
22%
46.153 Mislata
22%
46.554 San Feliú de Llobregat
22%
60.269 San Vicente del Raspeig
22%
52.593 Siero
22%
41.504 Villafranca del Panadés
21%
40.634 Burjasot
20%
52.283 Mollet del Vallés
20%
39.285 Narón
20%
42.151 Puerto Real
20%
52.230 Rincón de la Victoria
20%
38.490 San Adrián de Besós
19%
44.057 Alhaurín de la Torre
18%
47.613 Esplugas de Llobregat
18%
38.333 Oleiros
18%
42.024 Puerto del Rosario
18%
41.706 Santa Eulalia del Río
17%
39.462 Ripollet
15%
52.447 Granadilla de Abona
14%
47.898 Mairena del Aljarafe
14%
42.434 La Orotava
13%
40.079 Marrachí
13%
40.529 La Rinconada
12%
39.912 Lluchmayor
11%
37.761 Villagarcía de Arosa
11%
38.757 Los Palacios y Villafranca
10%
38.369 Arucas
9%
No se encontraron pruebas coincidentes
Distribución de puntuación
Porcentaje de gente con cada puntuación
Porcentaje por número respondido
Historial de tus puntuaciones
No has intentado esta prueba.